Loading...

New approach to industiral economics

Bibliografiske detaljer
Hovedforfatter: Lincoln, James F.
Format: Printed Book
Sprog:English
Udgivet: New York Devin Adair 1961
Fag:
LEADER 00511nam a22001577a 4500
005 20151215125411.0
008 091204t xxu||||| |||| 00| 0 eng d
082 |a 338.5  |b LIN 
100 |a Lincoln, James F.  |9 8635 
245 |a New approach to industiral economics 
300 |a 166p. 
653 |a Industrial economics 
942 |c BK  |6 _ 
260 |c 1961  |a New York  |b Devin Adair 
999 |c 103212  |d 103212 
952 |0 0  |1 0  |2 ddc  |4 0  |6 3385_LIN  |7 0  |9 130353  |a SMS  |b SMS  |c GEN  |d 2009-12-04  |o 338.5 LIN  |p SMS000553  |r 2009-12-04  |w 2009-12-04  |y BK